000
00291nam a2200121Ia 4500
008
140130s9999 xx 000 0 und d
245
_c
Lois Duncan
_a
The magic spider of woman
260
_b
Scholastic,
_c
1996
440
_v
1
521
_a
Grade 4 - Grade 7
942
_c
BK
999
_c
41165
_d
41165